000 01014 a2200217 4500
001 43902
005 20260407155720.0
008 260407a arg spa d
003 AR-UNSa-BCEJYS
040 _aAR-UNSa-BCEJYS
_bspa
_cAR-UNSa-BCEJYS
080 _a330.43
_xEconometría
245 1 0 _aA primer in econometric theory
020 _a978-0-262-03490-6
264 1 _aCambridge :
_bThe MIT Press
505 _a1. Introduction - 2. Vector spaces - 3. Linear algebra and matrices - 4. Foundations of probability - 5. Modeling dependence - 6. Asymptotics - 7. Further topics in probability - 8. Estimators - 9. Properties of estimators - 10. Confidence intervals and tests - 11. Regression - 12. Ordinary least squares - 13. Large samples and dependence - 14. Regularization - 15. Appendix
041 _aspa
942 _cBK
590 _aniveau_biblio:m niveau_hierar:0
100 1 _aStachurski, John
856 4 1 _uhttps://biblioeco.unsa.edu.ar/pmb/images/libros/L126775.jpg
_yImagen de portada
_qimage/jpeg
999 _c3754
_d3754